000
00219nam a22000977a 4500
999
_c
15921
_d
15921
003
OSt
008
191023b ||||| |||| 00| 0 eng d
100
_a
Sreenivasan,P R.
_9
4403
245
_a
Naan vanangum daivam
942
_c
BK